American literature / (Record no. 102607)

MARC details
000 -LEADER
fixed length control field 00998nam a22002657a 4500
005 - DATE AND TIME OF LATEST TRANSACTION
control field 20180320113301.0
010 ## - LCCN (DPL NO)
LC control number 1617E ENG-117170
020 ## - INTERNATIONAL STANDARD BOOK NUMBER
International Standard Book Number 9788125062349
Terms of availability 360.00
035 ## - SYSTEM CONTROL NUMBER
System control number B-649242-249
035 ## - SYSTEM CONTROL NUMBER
System control number EN-100702
035 ## - SYSTEM CONTROL NUMBER
System control number B-667251
037 ## - SOURCE OF ACQUISITION
Source of stock number/acquisition Aakar
Stock number dpl
037 ## - SOURCE OF ACQUISITION
Source of stock number/acquisition DBAD/PUB
082 ## - DEWEY DECIMAL CLASSIFICATION NUMBER
Classification number 810
082 ## - DEWEY DECIMAL CLASSIFICATION NUMBER
Classification number 880
Edition number DBAD
100 ## - MAIN ENTRY--PERSONAL NAME
Personal name Dutta, Nandana
245 ## - TITLE STATEMENT
Title American literature /
Statement of responsibility, etc by Nandana Dutta,
260 ## - PUBLICATION, DISTRIBUTION, ETC. (IMPRINT)
Date of publication, distribution, etc 2016
Place of publication, distribution, etc New Delhi
Name of publisher, distributor, etc Orient Blackswan
270 ## - ADDRESS
Address 1/24, Asaf Ali Road
City New Delhi
Postal code 110002
300 ## - PHYSICAL DESCRIPTION
Dimensions 23cm(pbk)
Extent xviii,452p.
490 ## - SERIES STATEMENT
Series statement Literary contexts
942 ## - ADDED ENTRY ELEMENTS (KOHA)
Item type English Books
Source of classification or shelving scheme Dewey Decimal Classification
Classification part 810
Call number suffix DUT
Holdings
Withdrawn status Lost status Not for loan Collection code Home library Current library Date acquired Source of acquisition Cost, normal purchase price Full call number Barcode Copy number Cost, replacement price Koha item type
      Non-fiction Ashok Vihar Ashok Vihar 01/08/2017 BPPD/EN/2016-17/AV/16-17/451/15.2.2017/I-3323/1.3.2017/ 17.3.2017 360.00 810 DUT B-667251 1 360.00 English Books
    Not For Loan Non-fiction D.B.Act.Division Bawana 24/01/2017 DBAD/PUB 360.00 880 DUT EN-100702 1 360.00 English Books
    Not For Loan Reference Central Library Central Library 03/03/2017 BPPD/EN/2016-17/285/24.11.2016/I-2590/8.12.2016/2.1.2017 360.00 810 DUT B-649242 1 360.00 English Books
      Non-fiction Janak Puri Janak Puri 03/03/2017 BPPD/EN/2016-17/285/24.11.2016/I-2590/8.12.2016/2.1.2017 360.00 810 DUT B-649246 1 360.00 English Books
      Non-fiction Kasturba Gandhi Marg Kasturba Gandhi Marg 03/03/2017 BPPD/EN/2016-17/285/24.11.2016/I-2590/8.12.2016/2.1.2017 360.00 810 DUT B-649245 1 360.00 English Books
      Non-fiction New Police Line New Police Line 03/03/2017 BPPD/EN/2016-17/285/24.11.2016/I-2590/8.12.2016/2.1.2017 360.00 810 DUT B-649243 1 360.00 English Books
      Non-fiction Patel Nagar Patel Nagar 03/03/2017 BPPD/EN/2016-17/285/24.11.2016/I-2590/8.12.2016/2.1.2017 360.00 810 DUT B-649244 1 360.00 English Books
      Non-fiction Sarojini Nagar Sarojini Nagar 03/03/2017 BPPD/EN/2016-17/285/24.11.2016/I-2590/8.12.2016/2.1.2017 360.00 810 DUT B-649247 1 360.00 English Books
      Non-fiction Shahdara Branch Shahdara Branch 03/03/2017 BPPD/EN/2016-17/285/24.11.2016/I-2590/8.12.2016/2.1.2017 360.00 810 DUT B-649248 1 360.00 English Books
      Non-fiction Yojana Vihar Yojana Vihar 03/03/2017 BPPD/EN/2016-17/285/24.11.2016/I-2590/8.12.2016/2.1.2017 360.00 810 DUT B-649249 1 360.00 English Books

© Delhi Public Library
Hit Counter
free hit counter